| 000 | 01659nam a22002777a 4500 | ||
|---|---|---|---|
| 003 | Uzh_bibl | ||
| 008 | 260414b |||||||| |||| 00| 0 ukr d | ||
| 020 |
_a966-02-2075-8 _c104.50 |
||
| 040 | _bукр. | ||
| 041 |
_2ukr _aukr |
||
| 080 | _a030(477) | ||
| 090 |
_a030(477) _bЕ64 |
||
| 100 | _a- | ||
| 245 |
_aЕнциклопедія Сучасної України _bТ. 1: А _cкер. М.Железняк _hТекст |
||
| 260 |
_aКиїв _bТОВ "Твори" _c2001 |
||
| 300 |
_a823 с. _bіл. _fВ опр. |
||
| 490 | _vТ-1 | ||
| 520 | _aЕнциклопедія Сучасної України - перше багатотомне видання про Україну всіх вимірах від початку 20 століття до сьогодення. Енциклопедія подає цілісний образ новітньої України в подіях, інституціях, установах, родах діяльності, поняттях, особах. Охоплює всі сфери життя в Україна, відображає сучасні погляди на постаті. У першому томі подано 2732 гасел,1628 ілюстрацій, 50 таблиць і схем та 12 карт. | ||
| 521 | _aДля широкого кола читачів | ||
| 546 | _aукр. | ||
| 650 | _aДовідкове видання | ||
| 653 |
_aЕнциклопедія. _aУкраїна. |
||
| 655 |
_aНауково-популярне видання _vЕнциклопедія |
||
| 700 | _aІ.Дзюба, А.Жуковський, М.Железняк та ін. | ||
| 942 |
_2udc _cBK |
||
| 999 |
_c17316 _d17316 |
||